000 00604cam a2200145 4500500
005 20260208002357.0
041 _afre
042 _adc
100 1 0 _aGiafferi-Dombre, Natacha
_eauthor
245 0 0 _aNancy Foner, ed.American Arrivals: Anthropology Engages the New Immigration. Santa Fe, School of American Research Press /Oxford, James Currey, 2003, XI + 368 p., bibl., index, fig., tabl.
260 _c2006.
500 _a66
786 0 _nL'Homme | 179 | 3 | 2006-07-01 | p. 237m-302m | 0439-4216
856 4 1 _uhttps://shs.cairn.info/revue-l-homme-2006-3-page-237m?lang=fr&redirect-ssocas=7080
999 _c1646048
_d1646048